| 000 | 00483nam a2200169Ia 4500 | ||
|---|---|---|---|
| 003 | GCL | ||
| 008 | 140319s9999 xx 000 0 eng d | ||
| 040 |
_aGCL / _cGCL |
||
| 082 | 0 | 4 |
_a435 _bJ G |
| 100 | 1 | _aJAMES, CHARLES J | |
| 245 | 1 | 0 |
_aGERMAN VERBS AND ESSENTIALS OF GRAMMAR: A PRACTICAL GUIDE TO THE MASTERY OF GERMAN / _cJAMES, CHARLES J |
| 260 |
_a[S.N] : _bPASSPORT BOOKS ، _c1985 |
||
| 300 | _a120 P | ||
| 650 | 0 | 4 | _aGERMAN LANGUAGE |
| 650 | 0 | 4 | _aGRAMMAR |
| 942 |
_2ddc _cBK |
||
| 999 |
_c12753 _d12753 |
||